<?xml version="1.0" encoding="UTF-8"?>
<record
    xmlns:xsi="http://www.w3.org/2001/XMLSchema-instance"
    xsi:schemaLocation="http://www.loc.gov/MARC21/slim http://www.loc.gov/standards/marcxml/schema/MARC21slim.xsd"
    xmlns="http://www.loc.gov/MARC21/slim">

  <leader>02072na  a2200493   4500</leader>
  <controlfield tag="001">16384</controlfield>
  <controlfield tag="003">MIRAKIL</controlfield>
  <controlfield tag="005">20181213155137.0</controlfield>
  <controlfield tag="008">170213b        tu            000 0      </controlfield>
  <datafield tag="035" ind1=" " ind2=" ">
    <subfield code="a">16384</subfield>
  </datafield>
  <datafield tag="040" ind1=" " ind2=" ">
    <subfield code="a">Milas</subfield>
    <subfield code="b">tur</subfield>
    <subfield code="c">TR-AnCHP</subfield>
  </datafield>
  <datafield tag="041" ind1=" " ind2=" ">
    <subfield code="a">tur</subfield>
  </datafield>
  <datafield tag="082" ind1=" " ind2=" ">
    <subfield code="a">CHP 324.217207</subfield>
    <subfield code="b">D54c 1939</subfield>
  </datafield>
  <datafield tag="090" ind1=" " ind2=" ">
    <subfield code="a">CHP 324.217207 D54c 1939</subfield>
  </datafield>
  <datafield tag="100" ind1=" " ind2=" ">
    <subfield code="a">Dilmen, &#x130;brahim Necmi</subfield>
  </datafield>
  <datafield tag="222" ind1=" " ind2=" ">
    <subfield code="a">Cumhuriyet Halk Partisi Konferanslar&#x131;</subfield>
  </datafield>
  <datafield tag="245" ind1=" " ind2=" ">
    <subfield code="a">Dilin ve dillerin kayna&#x11F;&#x131;, sorumu &#xFC;zerine teoriler; Eti k&#xFC;lt&#xFC;r&#xFC;ne bir bak&#x131;&#x15F;;  Ege'nin iktisadi co&#x11F;rafyas&#x131;na bir bak&#x131;&#x15F; ; Milletlerin terakkisi &#xFC;zerinde kad&#x131;nlar&#x131;n tesiri; Gazete</subfield>
    <subfield code="c">&#x130;brahim Necmi Dilmen; H. G. G&#xFC;terbock; Danyal Bediz; Salif &#x15E;endil; Erc&#xFC;met Ekrem Talu</subfield>
  </datafield>
  <datafield tag="260" ind1=" " ind2=" ">
    <subfield code="a">[Ankara ]</subfield>
    <subfield code="b">CHP</subfield>
    <subfield code="c">1939</subfield>
    <subfield code="f">Recep Uluso&#x11F;lu Bas&#x131;mevi</subfield>
  </datafield>
  <datafield tag="300" ind1=" " ind2=" ">
    <subfield code="a">62 s.</subfield>
    <subfield code="c">23 sm.</subfield>
  </datafield>
  <datafield tag="440" ind1=" " ind2=" ">
    <subfield code="a">C.H.P.</subfield>
    <subfield code="p">Konferanslar serisi</subfield>
    <subfield code="v">6</subfield>
  </datafield>
  <datafield tag="500" ind1=" " ind2=" ">
    <subfield code="a">Halk Evlerinde verilen konferans metinleridir.</subfield>
  </datafield>
  <datafield tag="500" ind1=" " ind2=" ">
    <subfield code="a">Yap&#x131;t, yazarlar&#x131;n konferans konu&#x15F;malar&#x131;n&#x131; i&#xE7;ermektedir</subfield>
  </datafield>
  <datafield tag="505" ind1=" " ind2=" ">
    <subfield code="a">Dilin ve Dillerin kayna&#x11F;&#x131;, sorumu &#xFC;zerine teoriler/ &#x130;brahim Necmi Dilmen; Eti k&#xFC;lt&#xFC;r&#xFC;ne bir bak&#x131;&#x15F;/G&#xFC;terbock;  Ege'nin iktisadi co&#x11F;rafyas&#x131;na bir bak&#x131;&#x15F;/ Danyal Bediz; Milletlerin terakkisi &#xFC;zerinde kad&#x131;nlar&#x131;n tesiri/ Salih &#x15E;endil; Gazete/ Erc&#xFC;met Ekrem Talu</subfield>
  </datafield>
  <datafield tag="610" ind1=" " ind2=" ">
    <subfield code="a">Halkevleri</subfield>
  </datafield>
  <datafield tag="610" ind1=" " ind2=" ">
    <subfield code="a">Cumhuriyet Halk Partisi (CHP)</subfield>
    <subfield code="x">Konferanslar ve seminerler</subfield>
  </datafield>
  <datafield tag="650" ind1=" " ind2=" ">
    <subfield code="a">Gazetecilik</subfield>
  </datafield>
  <datafield tag="650" ind1=" " ind2=" ">
    <subfield code="a">Kad&#x131;nlar</subfield>
  </datafield>
  <datafield tag="650" ind1=" " ind2=" ">
    <subfield code="a">Co&#x11F;rafya </subfield>
    <subfield code="x">&#x130;ktisat</subfield>
  </datafield>
  <datafield tag="650" ind1=" " ind2=" ">
    <subfield code="a">Hititoloji</subfield>
  </datafield>
  <datafield tag="650" ind1=" " ind2=" ">
    <subfield code="a">Dil bilim</subfield>
    <subfield code="x">Kuram</subfield>
  </datafield>
  <datafield tag="657" ind1=" " ind2=" ">
    <subfield code="a">Halk Evleri</subfield>
  </datafield>
  <datafield tag="657" ind1=" " ind2=" ">
    <subfield code="a">CHP konferanslar&#x131;</subfield>
  </datafield>
  <datafield tag="700" ind1=" " ind2=" ">
    <subfield code="a">&#x15E;endil, Salih</subfield>
  </datafield>
  <datafield tag="700" ind1=" " ind2=" ">
    <subfield code="a">Talu, Erc&#xFC;met Ekrem</subfield>
  </datafield>
  <datafield tag="700" ind1=" " ind2=" ">
    <subfield code="a">Bediz, Danyal</subfield>
  </datafield>
  <datafield tag="700" ind1=" " ind2=" ">
    <subfield code="a">G&#xFC;terbock, H. G.</subfield>
  </datafield>
  <datafield tag="740" ind1=" " ind2=" ">
    <subfield code="a"> Milletlerin terakkisi &#xFC;zerinde kad&#x131;nlar&#x131;n tesiri</subfield>
  </datafield>
  <datafield tag="740" ind1=" " ind2=" ">
    <subfield code="a">Gazete</subfield>
  </datafield>
  <datafield tag="740" ind1=" " ind2=" ">
    <subfield code="a">Ege'nin iktisadi co&#x11F;rafyas&#x131;na bir bak&#x131;&#x15F;</subfield>
  </datafield>
  <datafield tag="740" ind1=" " ind2=" ">
    <subfield code="a">Eti k&#xFC;lt&#xFC;r&#xFC;ne bir bak&#x131;&#x15F; </subfield>
  </datafield>
  <datafield tag="740" ind1=" " ind2=" ">
    <subfield code="a">Dilin ve Dillerin kayna&#x11F;&#x131;, sorumu &#xFC;zerine teoriler</subfield>
  </datafield>
  <datafield tag="830" ind1=" " ind2=" ">
    <subfield code="a">CHP Yay&#x131;nlar&#x131;</subfield>
  </datafield>
  <datafield tag="942" ind1=" " ind2=" ">
    <subfield code="2">dcc</subfield>
    <subfield code="c">BKS</subfield>
  </datafield>
  <datafield tag="952" ind1=" " ind2=" ">
    <subfield code="a">0001</subfield>
    <subfield code="b">0001</subfield>
    <subfield code="d">2016-10-04</subfield>
    <subfield code="e">2</subfield>
    <subfield code="l">0</subfield>
    <subfield code="o">CHP 324.217207 D54c 1939</subfield>
    <subfield code="p">004371</subfield>
    <subfield code="r">2016-10-04 00:00:00</subfield>
    <subfield code="t">k.3</subfield>
    <subfield code="v">0.00</subfield>
    <subfield code="w">2016-10-04</subfield>
    <subfield code="y">BKS</subfield>
  </datafield>
  <datafield tag="952" ind1=" " ind2=" ">
    <subfield code="a">0001</subfield>
    <subfield code="b">0001</subfield>
    <subfield code="d">2016-10-04</subfield>
    <subfield code="e">2</subfield>
    <subfield code="l">0</subfield>
    <subfield code="o">CHP 324.217207 D54c 1939</subfield>
    <subfield code="p">004372</subfield>
    <subfield code="r">2016-10-04 00:00:00</subfield>
    <subfield code="v">0.00</subfield>
    <subfield code="w">2016-10-04</subfield>
    <subfield code="y">BKS</subfield>
  </datafield>
  <datafield tag="952" ind1=" " ind2=" ">
    <subfield code="a">0001</subfield>
    <subfield code="b">0001</subfield>
    <subfield code="d">2016-10-04</subfield>
    <subfield code="e">2</subfield>
    <subfield code="l">0</subfield>
    <subfield code="o">CHP 324.217207 D54c 1939</subfield>
    <subfield code="p">004373</subfield>
    <subfield code="r">2016-10-04 00:00:00</subfield>
    <subfield code="t">k.2</subfield>
    <subfield code="v">0.00</subfield>
    <subfield code="w">2016-10-04</subfield>
    <subfield code="y">BKS</subfield>
  </datafield>
  <datafield tag="999" ind1=" " ind2=" ">
    <subfield code="c">7411</subfield>
    <subfield code="d">7411</subfield>
  </datafield>
</record>
